Three Muslim sages (Record no. 542198)
[ view plain ]
| 000 -LEADER | |
|---|---|
| fixed length control field | 00559nam a2200181Ia 4500 |
| 020 ## - INTERNATIONAL STANDARD BOOK NUMBER | |
| International Standard Book Number | (hb) |
| 082 ## - DEWEY DECIMAL CLASSIFICATION NUMBER | |
| Classification number | 297.092 |
| Author Mark | NAS |
| -- | l31,P177 |
| 100 ## - MAIN ENTRY--PERSONAL NAME | |
| Personal name | Nasr, Seyyed Hossein |
| 9 (RLIN) | 181 |
| 245 ## - TITLE STATEMENT | |
| Title | Three Muslim sages |
| Remainder of title | avicenna - Suhrawardi - Ibn Arabi |
| 260 ## - PUBLICATION, DISTRIBUTION, ETC. | |
| Place of publication, distribution, etc. | Lahore: |
| Name of publisher, distributor, etc. | Suhail Academy, |
| Date of publication, distribution, etc. | 1988 |
| 300 ## - PHYSICAL DESCRIPTION | |
| Extent | 185p |
| 526 ## - STUDY PROGRAM INFORMATION NOTE | |
| Program name | 0 |
| Interest level | 0 |
| Reading level | 0 |
| Title point value | 297_092000000000000_NAS |
| 650 ## - SUBJECT ADDED ENTRY--TOPICAL TERM | |
| Topical term or geographic name entry element | al-Suhrawardi, Yahya Ibn Habash- 1152-1191 |
| 9 (RLIN) | 37296 |
| 650 ## - SUBJECT ADDED ENTRY--TOPICAL TERM | |
| Topical term or geographic name entry element | Avicenna- 980-1037 |
| 9 (RLIN) | 37297 |
| 650 ## - SUBJECT ADDED ENTRY--TOPICAL TERM | |
| Topical term or geographic name entry element | Ibn Arabi, Muhyid Din- 1165-1240 |
| 9 (RLIN) | 37298 |
| 650 ## - SUBJECT ADDED ENTRY--TOPICAL TERM | |
| Topical term or geographic name entry element | MCE |
| 9 (RLIN) | 379 |
| 942 ## - ADDED ENTRY ELEMENTS (KOHA) | |
| Source of classification or shelving scheme | |
| Koha item type | Book |
| Withdrawn status | Lost status | Source of classification or shelving scheme | Damaged status | Not for loan | Permanent Location | Current Location | Date acquired | Total Checkouts | Full call number | Barcode | Date last seen | Date last checked out | Price effective from | Koha item type |
|---|---|---|---|---|---|---|---|---|---|---|---|---|---|---|
| Military College of Engineering (MCE) | Military College of Engineering (MCE) | 09/26/2013 | 1 | 297.092 NAS | MCE-22235 | 06/30/2015 | 05/15/2015 | 09/26/2013 | Book |
